La vengeance du Trouve le réalisateur ou la réalisatrice - Statistiques

Statistiques générales
  • Ce quiz a été pris 9 fois
  • Le résultat moyen est 10 sur 50
Statistiques - réponses
Par images Réponse % Correct
Agnès Jaoui
86%
Robert Redford
86%
Claude Chabrol
71%
Costa Gavras
57%
Max Linder
57%
Paul Verhoeven
57%
Ruben Östlund
57%
Yann Moix
57%
Alfred Hitchcock
43%
Celine Sciamma
43%
Sergueï Bondartchouk
43%
Alan Resnick
29%
Andrzej Wajda
29%
Frederick Wiseman
29%
Howard Hawks
29%
Lotte Reiniger
29%
Abraham Zapruder
14%
Andrea Arnold
14%
Claude Zidi Jr.
14%
Derek Jarman
14%
Dominik Moll
14%
Douglas Sirk
14%
Émilie Tronche
14%
Germaine Dulac
14%
Jacques Demy
14%
Rose Troche
14%
Roy Andersson
14%
Stanley Donen
14%
Věra Chytilová
14%
Vincent Gallo
14%
Vittorio De Sica
14%
Wim Wenders
14%
Ariane Louis-Seize
0%
Arthur Penn
0%
Bob Clark
0%
Charles Crichton
0%
Dariush Mehrjui
0%
Emma Seligman
0%
George Cukor
0%
George Stevens
0%
Henri Xhonneux
0%
Jacques Tourneur
0%
Jamie Babbit
0%
Lindsay Anderson
0%
Olivia Wilde
0%
Peter Tscherkassky
0%
Preston Sturges
0%
Richard C. Sarafian
0%
Suzan Pitt
0%
Werner Schroeter
0%
Aucun quiz correspondant
Distribution des résultats
% des personnes avec chaque résultat
Percentile par nombre de réponses
Votre historique - résultats
Vous n’avez pas pris ce quiz